000 00647nam a22001937a 4500
999 _c185621
_d185621
005 20220204160316.0
010 _aUR-11421
020 _c250.00
_a9789390789269
035 _aU-9976
037 _bDBAD/PUB
_adpl
082 _a841
100 _aز بير قمر و يگلو ر ی
245 _aعکس قمر
_cز بير قمر و يگلو ر ی
246 _bAks-e-Qamar (Urdu)
_aby Zuber Qamar Degloori
260 _aDelhi
_bEducational Publishing House
_c2021 ء
270 _a3191,Vakil Street,Kucha Pandit,Lal Kuan,
_bDelhi
_e110006
_k23216162
_l-
300 _a174 ص
_c22 Cm(Hb)
942 _2ddc
_cUR
_h841
_mق م ر